Ένα θύμα του καιρού μας (Αντουάν Μπλουαγιέ)

Αποθηκεύτηκε σε:
Λεπτομέρειες βιβλιογραφικής εγγραφής
Κύριος συγγραφέας: Nizan, Paul
Άλλοι συγγραφείς: Κατσουλάκη, Ιωάννα (trlf)
Μορφή: Βιβλίο
Γλώσσα:Greek
French
Δημοσίευση: Αθήνα : Ζαχαρόπουλος, c1987.
Σειρά:Κλασική λογοτεχνία (Εκδοτικός Οίκος Σ. Ι. Ζαχαρόπουλος) ; 123
Θέματα:
Ετικέτες: Προσθήκη ετικέτας
Δεν υπάρχουν, Καταχωρήστε ετικέτα πρώτοι!

MARC

LEADER 00000cam a2200000 i 4500
001 1/45579
008 941103s1987 gr | ||| |||| ||gre||
035 |a 1990  |l 10042578 
040 |a GR-MyUA  |b gre  |e AACR2 
041 1 |a gre  |h fre 
082 0 |a 843 
100 1 |a Nizan, Paul. 
245 1 5 |a Ένα θύμα του καιρού μας (Αντουάν Μπλουαγιέ) /   |c Πώλ Νιζάν ; μετάφραση Ιωάννας Κατσουλάκη.  
260 |a Αθήνα :   |b Ζαχαρόπουλος,   |c c1987.  
300 |a 294 σ. ;   |c 18 εκ.  
490 1 |a (Κλασική Λογοτεχνία   |v ; 123)  
500 |a Τίτλος πρωτοτύπου: Antoine Bloye 
650 0 0 |a French fiction. 
700 1 |a Κατσουλάκη, Ιωάννα,  |e trlf 
830 0 |a Κλασική λογοτεχνία (Εκδοτικός Οίκος Σ. Ι. Ζαχαρόπουλος)  |v  ; 123 
852 |a INST  |b SAMOS  |e 19941103  |h 843 NIZ  |p 005300000527  |q 005300000527  |t BK  |y 0 
909 |a Σ  |b 000438